000
00247nam a2200097Ia 4500
008
170620s9999 xx 000 0 und d
100
_a
Pandey-P.K/Shaw
245
0
_a
Encyclopaedia of Sports Medicine & Injuries
260
_b
New delhi.Khel.S.k
260
_c
2000
300
_a
271
999
_c
27648
_d
27648